000 00523nam a2200193 a 4500
001 1773825107191
003 YourLibrary
005 20260318144535.0
008 260318s2009##################000#0#eng##
020 _a9780813808468
082 0 4 _a338.1BAL
100 1 _aBaldwin, Cheryl J.,
_eauthor.
245 1 0 _aSustainability in the Food Industry :
260 _bJohn Wiley & Sons,
_c2009.
300 _a292 pages
650 0 _aTechnology & Engineering.
942 _cENGLISH
040 _aYourLibrary
_beng
_cYourLibrary
999 _c617845
_d617845